000 01235nam a2200325 a 4500
001 ebr10538335
003 CaPaEBR
006 m u
007 cr cn|||||||||
008 120331s2010 enka sb 001 0 eng d
020 _z9781861896476
020 _z9781861897299 (e-book)
040 _aCaPaEBR
_cCaPaEBR
035 _a(OCoLC)781438641
050 1 4 _aBJ1500.N8
_bC37 2010eb
100 1 _aCarr-Gomm, Philip.
245 1 2 _aA brief history of nakedness
_h[electronic resource] /
_cPhilip Carr-Gomm.
260 _aLondon :
_bReaktion Books,
_c2010.
300 _a286 p. :
_bill.
504 _aIncludes bibliographical references and index.
533 _aElectronic reproduction.
_bPalo Alto, Calif. :
_cebrary,
_d2011.
_nAvailable via World Wide Web.
_nAccess may be limited to ebrary affiliated libraries.
650 0 _aNudity
_xSocial aspects.
650 0 _aNudity
_xReligious aspects.
650 0 _aNudity
_xPolitical aspects.
650 0 _aNudity in literature.
650 0 _aNudity in the performing arts.
655 7 _aElectronic books.
_2local
710 2 _aebrary, Inc.
856 4 0 _uhttp://site.ebrary.com/lib/rucke/Doc?id=10538335
_zAn electronic book accessible through the World Wide Web; click to view
999 _c245242
_d245242